| АИС "Историко-культурное наследие Беларуси" | ||
| Базовый | Расширенный | Профессиональный | Словарь персоналий | Тематический словарь | По видам объектов | История запросов Заказы | Регистрация | |
Запись в MARC-формате
| копировать MARC-запись |
=LDR 00000nx\\c2200265\\\45\\
=001 BY-NLB-ar5485441
=005 20160330095637.1
=100 \\$a20121127arusy50\\\\\\ca0
=152 \\$apsbo
=160 \\$ae-bw
=215 \\$aКостел Внебовзятия Наисвятейшей Девы Марии (Красное, деревня; Молодечненский район)
=300 1\$aПамятник архитектуры неоготики. Первоначально деревянный костел упоминается под 1500 г. Разрушен в 1654–1667 гг. Новый деревянный храм был возведен в 1695 г. В 1800 г. на его месте началось строительство кирпичного храма, в 1863 г. был перестроен в православную церковь. В 1908 г. заложен кирпичный храм, строительство которого окончено в 1912 г. В 1988–1990 гг. отреставрирован.
=356 \\$aНаходится в д. Красное Молодечненского района Минской области.
=415 \\$aКостел Внебовзятия Наисвятейшей Панны Марии (Красное, деревня; Молодечненский район)
=415 \\$aКостел Вознесения Наисвятейшей Девы Марии (Красное, деревня; Молодечненский район)
=415 \\$aКрасненский костел Вознесения Девы Марии
=415 \\$aКрасненский костел Вознесения Пресвятой Девы Марии
=515 \\$5w$3BY-NLB-ar5485414$aКасцёл Унебаўзяцця Найсвяцейшай Дзевы Марыі (Краснае, вёска; Маладзечанскі раён)
=801 \0$aBY$bBY-HM0000$c20121127
=810 \\$aРеспублика Беларусь : энциклопедия. [В 7 т.]. Т. 4. — Минск, 2007.
=810 \\$aТуристская энциклопедия Беларуси. — Минск, 2007.
=810 \\$aКаталіцкія храмы Беларусі / А. М. Кулагін. — Мінск, 2008.
=810 \\$aКаталіцкія храмы на Беларусі : энцыклапедычны даведнік / А. М. Кулагін. — Мінск, 2000.
=999 \\$f2786 NLB-NDARD$t20121127
=999 \\$h1848 NLB-NDARD$t20130205
Чтобы вернуться назад, щелкните кнопку BACK на Вашем браузере